ბათუმის შოთა რუსთაველის სახელმწიფო უნივერსიტეტის ბიბლიოთეკა

ბავშვთა ასაკის სტომატოლოგია / (ბიბ.ჩანაწერი № 47125)

000 -ლიდერი
ფიქსირებული სიგრძის საკონტროლო ველი 01600nam a2200301Ia 4500
001 - საკონტროლო ნომერი
საკონტროლო ველი 13983
003 - საკონტროლო ნომრის იდენტიფიკატორი
საკონტროლო ველი GE_BSU
005 - ბოლო ოპერაციის თარიღი და დრო
საკონტროლო ველი 20241017112335.0
008 - ფიქსირებული სიგრძის მონაცემთა ელემენტები - ზოგადი ინფორმაცია
ფიქსირებული სიგრძის საკონტროლო ველი 181216s2006||||ge |||||||||||||| ||geo||
020 ## - წიგნის საერთაშორისო სტანდარტული ნომერი
International Standard Book Number 9994090704
040 ## - კატალოგიზაციის წყარო
Transcribing agency GE_BSU
041 ## - ენის კოდი
Language code of text/sound track or separate title geo
080 ## - უნივერსალური ათობითი კლასიფიკაციის ინდექსი
Universal Decimal Classification number 616.31-053.2(075.8) ბ-15
100 ## - მთავარი ჩანაწერი - პიროვნების სახელი
Personal name კოლესოვი, ა.ა.
9 (RLIN) 5369
245 ## - ცნობა სათაურის შესახებ
Title ბავშვთა ასაკის სტომატოლოგია /
Statement of responsibility, etc ა.ა. კოლესოვი; მთარგმნელები: თენგიზ ბინიაშვილი, ნანა მოროზი, თამარ საბაშვილი ; რედაქტორი ირინე გარაყანიძე.
250 ## - გამოცემის ცნობა
Edition statement მე-3 გადამუშავებული გამოცემა
264 ## - წარმოების, გამოცემის, დისტრიბუციის და სხვა ცნობები
გამოცემის, წარმოების, დისტრიბუციის... ადგილი თბილისი:
გამოცემის, წარმოების, დისტრიბუციის... სახელწოდება შპს მთაწმინდელი
გამოცემის, წარმოების, დისტრიბუციის... თარიღი 2006
300 ## - ფიზიკური აღწერა
Extent 428 გვ.;
Other physical details 22 სმ.
653 ## - INDEX TERM--UNCONTROLLED
Uncontrolled term ბავშვთა სტომატოლოგია
653 ## - INDEX TERM--UNCONTROLLED
Uncontrolled term მედიცინა
700 ## - ADDED ENTRY--PERSONAL NAME
Personal name ბინიაშვილი, თენგიზ
Relator term მთარგმნელი
9 (RLIN) 23417
700 ## - ADDED ENTRY--PERSONAL NAME
Personal name მოროზი, ნანა
Relator term მთარგმნელი
9 (RLIN) 5371
700 ## - ADDED ENTRY--PERSONAL NAME
Personal name საბაშვილი, თამარ
Relator term მთარგმნელი
9 (RLIN) 5372
700 ## - ADDED ENTRY--PERSONAL NAME
Personal name გარაყანიძე, ირინე
Relator term რედაქტორი
9 (RLIN) 5373
700 ## - ADDED ENTRY--PERSONAL NAME
Personal name ეფრემიძე, დავით
Relator term გამომცემელი
9 (RLIN) 16487
942 ## - ADDED ENTRY ELEMENTS (KOHA)
Koha item type წიგნი
Source of classification or shelving scheme
ეგზემპლარები
ჩამოწერის სტატუსი დაკარგული ეგზემპლარის სტატუსი კლასიფიკაციის წყარო ან თაროზე გაწყობის სქემა დაზიანების სტატუსი არ გაიცემა მუდმივი მდებარეობა (დაცვის ადგილი) ამჟამინდელი ადგილსამყოფელი თაროზე განთავსების ადგილი შეძენის თარიღი ღირებულება, შესყიდვის ნორმალური ფასი სრული შენახვის შიფრი შტრიხკოდი ბოლო ოპერაციის თარიღი ეგზემპლარის მიმდევრობითი ნომერი (კეტერი?) ფასის ძალაში შესვლის თარიღი ეგზემპლარის სახეობა საჯარო შენიშვნა
          ბათუმის შოთა რუსთაველის სახელმწიფო უნივერსიტეტის მთავარი ბიბლიოთეკა ბათუმის შოთა რუსთაველის სახელმწიფო უნივერსიტეტის მთავარი ბიბლიოთეკა წიგნსაცავი 2018-12-17 21.00 616.31-053.2(075.8) ბ-15 27300 2018-12-17 27300 2018-12-17 წიგნი 21 ლ.
          ბათუმის შოთა რუსთაველის სახელმწიფო უნივერსიტეტის მთავარი ბიბლიოთეკა ბათუმის შოთა რუსთაველის სახელმწიფო უნივერსიტეტის მთავარი ბიბლიოთეკა წიგნსაცავი 2018-12-17 26.90 616.31-053.2(075.8) ბ-15 27898 2018-12-17 27898 2018-12-17 წიგნი 26 ლ. 90 თ.
          ბათუმის შოთა რუსთაველის სახელმწიფო უნივერსიტეტის მთავარი ბიბლიოთეკა ბათუმის შოთა რუსთაველის სახელმწიფო უნივერსიტეტის მთავარი ბიბლიოთეკა წიგნსაცავი 2024-10-17 25.00 616.31-053.2(075.8) ბ-15 27612 2024-10-17 27612 2024-10-17 წიგნი 25 ლ.